000 02121nam a2200433 c 4500
003 BLK
005 20250225005542.0
008 230711b bul|||||r ||||||| ||bul||
010 _aKNG00110573000
020 _a9786192403911
040 _aBLK
041 _aBUL
_cBUL
072 7 _2bullib
_aН86
_xДетска отраслова литература Н
080 _aНационалноосвободителното движение в България (1856-1877)
_b94(497.2)"1856/1877"
_x(092)
_z94(497.2)"1856/1877"(092)
080 _aХристо Ботьов Петков, български национален герой, революционер, поет и публицист
_b929 Ботев, Христо
_z929 Ботев, Христо
100 1 _aРусанов, Любомир Кирилов
_9117434
245 1 0 _aМоята първа книга за Христо Ботев
_cЛюбомир Кирилов Русанов; ил. Пламена Тодорова; ил. Олег Топалов.
250 _a2. изд.
257 _aBGR
260 _bПАН
_c2011
_aСофия
_f[София] : [Циан]
300 _a16 с.
_bс цв. ил.
_c28 см
380 _aDN
490 _aПоредица Моята първа книга за...
_9206289
500 _a1. изд. 2011 Год. на изд. погрешно отпеч. на загл. с. 2011
650 4 _aНационалноосвободително движение - България - дейци
_9243361
651 4 _aБългария
_9241624
653 _aнационалноосвободителни движения
653 _aдейци
653 _aХристо Ботев
653 _aбългарска история
659 _aН
700 1 _aТодорова, Пламена
_eил.
_9366779
700 _aТопалов, Олег Степанов
_9394369
852 _aЦб ІІ 31988
_bЦб
942 _cKNG
_n0
_023
_s1
944 _aCR
_c2023-07-11
_k
_lCRON CRON
999 _c492631
_d492631
999 _d492631